000 00212nam a22000857a 4500
008 160713b xxu||||| |||| 00| 0 eng d
100 _92738
_a Carson, R
245 _aSilent Spring
260 _aGreenwich
_b Fawcett
_c1962
999 _c2379
_d2379